Tourism organisation / (Record no. 66890)

MARC details
000 -LEADER
fixed length control field 00547nam a22001577a 4500
005 - DATE AND TIME OF LATEST TRANSACTION
control field 20120519114626.0
020 ## - INTERNATIONAL STANDARD BOOK NUMBER
International Standard Book Number 8188583863
Terms of availability 750.00
035 ## - SYSTEM CONTROL NUMBER
System control number B-217709
037 ## - SOURCE OF ACQUISITION
Stock number DPL
Source of stock number/acquisition ENG
100 ## - MAIN ENTRY--PERSONAL NAME
Personal name Dixit, Saurabh K.
245 ## - TITLE STATEMENT
Title Tourism organisation /
Statement of responsibility, etc by Saurabh K. Dixit
260 ## - PUBLICATION, DISTRIBUTION, ETC. (IMPRINT)
Place of publication, distribution, etc New Delhi
Name of publisher, distributor, etc Reference Press
Date of publication, distribution, etc 2005
300 ## - PHYSICAL DESCRIPTION
Extent vii, 351p.
Dimensions 20 cms.
942 ## - ADDED ENTRY ELEMENTS (KOHA)
Source of classification or shelving scheme Dewey Decimal Classification
Item type English Books
Classification part 338.4791
Call number suffix DIX
Holdings
Withdrawn status Lost status Not for loan Collection code Home library Current library Date acquired Cost, normal purchase price Full call number Barcode Cost, replacement price Koha item type
      Non-fiction Sarojini Nagar Sarojini Nagar 19/05/2012 750.00 338.4791 DIX B-217709 750.00 English Books

© Delhi Public Library
Hit Counter
free hit counter